Le Bon Nombre - Jeux de société - Statistiques

Statistiques générales
  • Ce quiz a été pris 1 729 fois
    1 557 depuis la dernière actualisation
  • Le résultat moyen est 5 sur 10
Réponses sur la Carte
Les réponses sont colorées sur une échelle allant du rouge au vert en fonction du pourcentage des utilisateurs qui les ont devinées à leur premier essai. Vous pouvez retrouver ces pourcentages ci-dessous.
 
Statistiques - réponses
Réponse % Correct
Gares du Monopoly
81%
Cases d'un échiquier
71%
Rôles différents dans Code Names
52%
Armes du Cluedo
51%
Personnages dans Qui est-ce ?
47%
Cases "Mot compte triple" au Scrabble
39%
Pièces à retirer au Docteur Maboul
38%
Total de Cartes spéciales dans un jeu de Uno
31%
Territoires d'action dans Risk
27%
Mains au Poker
26%
Aucun quiz correspondant
Distribution des résultats
% des personnes avec chaque résultat
Percentile par nombre de réponses
Votre historique - résultats
Vous n’avez pas pris ce quiz depuis la dernière actualisation